[Event "Fyn-ch"]
[Site "Odense"]
[Date "2008.03.06"]
[Round "6"]
[White "Jensen, Jens Skjoldborg"]
[Black "Frimodt, Michael"]
[Result "1/2-1/2"]
[WhiteElo "1503"]
[BlackElo "1416"]
[PlyCount "141"]
[EventDate "2008.01.10"]
[EventType "swiss"]
[EventRounds "7"]
[EventCountry "DEN"]
[SourceTitle "EXT 2018"]
[Source "ChessBase"]
[SourceDate "2017.10.13"]
[SourceVersion "1"]
[SourceVersionDate "2017.10.13"]
[SourceQuality "1"]

1. d4 d5 2. c4 e6 3. cxd5 exd5 4. Nc3 Nf6 5. Nf3 c5 6. Bg5 cxd4 7. Nxd4 Be7 8. e3 0-0 9. Be2 a6 10. 0-0 Nc6 11. Rc1 Qd6 12. a3 Nxd4 13. Qxd4 Be6 14. Rfd1 Rfd8 15. Bf3 Rac8 16. Qd3 Bg4 17. Qe2 Bxf3 18. Qxf3 Qe5 19. Bf4 Qe6 20. h3 Rd7 21. Ne2 Rxc1 22. Rxc1 Rd8 23. Nd4 Qe4 24. Qd1 Ne8 25. Qb3 g5 26. Bg3 Bd6 27. Bxd6 Nxd6 28. Qb6 Qe7 29. b3 Nc8 30. Qh6 Nd6 31. Qh5 Qf6 32. Nf3 h6 33. Qg4 Qf5 34. Qd4 Rc8 35. Rd1 Nb5 36. Qxd5 Qxd5 37. Rxd5 Nxa3 38. Nd4 Rc1+ 39. Kh2 Rd1 40. Rd6 Nc2 41. Rxh6 Nxd4 42. exd4 Rxd4 43. Rb6 Rd7 44. Kg3 Kg7 45. Kg4 f6 46. h4 Rd4+ 47. Kf3 Rd7 48. hxg5 fxg5 49. Kg4 Rf7 50. f3 Rf6 51. Rxb7+ Kg6 52. g3 Rd6 53. Rb4 Kh6 54. Rc4 Kg6 55. Rb4 Kh6 56. Rb8 Rg6 57. b4 Rd6 58. Kf5 Rd5+ 59. Ke4 Rd6 60. b5 axb5 61. Rxb5 Kg6 62. f4 gxf4 63. gxf4 Re6+ 64. Re5 Kf7 65. Kd5 Rxe5+ 66. Kxe5 Ke7 67. f5 Kf7 68. f6 Kf8 69. Ke6 Ke8 70. f7+ Kf8 71. Kf6 1/2-1/2